LOADS OF CODES AND SECRET CIPHERS (Record no. 108144)

MARC details
000 -LEADER
fixed length control field 00483nam a2200181Ia 4500
008 - FIXED-LENGTH DATA ELEMENTS--GENERAL INFORMATION
fixed length control field 090124s9999 xx 000 0 und d
082 ## - DEWEY DECIMAL CLASSIFICATION NUMBER
Item number 41848
100 ## - MAIN ENTRY--PERSONAL NAME
Personal name JANECZKO PAUL B
245 ## - TITLE STATEMENT
Title LOADS OF CODES AND SECRET CIPHERS
250 ## - EDITION STATEMENT
Edition statement 0
260 ## - PUBLICATION, DISTRIBUTION, ETC. (IMPRINT)
Name of publisher, distributor, etc DRAGON GRAFTON BOOKS
Date of publication, distribution, etc 1984
300 ## - PHYSICAL DESCRIPTION
Extent 127
600 ## - SUBJECT ADDED ENTRY--PERSONAL NAME
Personal name JANECZKO PAUL B
630 ## - SUBJECT ADDED ENTRY--UNIFORM TITLE
Uniform title LOADS OF CODES AND SECRET CIPHERS
700 ## - ADDED ENTRY--PERSONAL NAME
Personal name JANECZKO PAUL B
730 ## - ADDED ENTRY--UNIFORM TITLE
Uniform title LOADS OF CODES AND SECRET CIPHERS
942 ## - ADDED ENTRY ELEMENTS (KOHA)
Koha item type Book
Holdings
Withdrawn status Lost status Damaged status Not for loan Home library Current library Date acquired Cost, normal purchase price Total Checkouts Full call number Barcode Date last seen Cost, replacement price Price effective from Koha item type
        Nagar Wachan Mandir, Thane Nagar Wachan Mandir, Thane   15.00   41848 THNNWM-41848 01/24/2009 15.00 01/24/2009 Book